| 000 | 00636cab a2200241 4500 | ||
|---|---|---|---|
| 001 | X3391 | ||
| 008 | 090401t1996 xxu||||| |||| 00| 0 eng d | ||
| 035 | _a(Sirsi) u30169 | ||
| 041 | _aeng | ||
| 245 | _aMore changes to the Red Book | ||
| 260 | _c1996 | ||
| 350 | _a0 | ||
| 490 |
_aCSM (Chartered Surveyor Monthly) _v5(6) March 1996, 21(1) |
||
| 650 | _aAMENDMENTS | ||
| 650 | _aCHARITIES | ||
| 650 | _aGOODWILL | ||
| 650 | _aPETROL FILLING STATIONS | ||
| 650 | _aRICS APPRAISAL AND VALUATION MANUAL | ||
| 650 | _aSTATEMENT OF RECOMMENDED PRACTICE | ||
| 690 | _aRATING AND VALUATION | ||
| 942 | _n0 | ||
| 948 | _c04/03/1997 | ||
| 999 |
_c20325 _d20325 |
||